| 000 | 00663nam a2200241Ia 4500 | ||
|---|---|---|---|
| 003 | OSt | ||
| 005 | 20220918182449.0 | ||
| 006 | a|||||r|||| 00| 0 | ||
| 007 | ta | ||
| 008 | 220917b |||||||| |||| 00| 0 eng d | ||
| 024 | _a32,607 | ||
| 037 | _cTextual | ||
| 040 |
_aARTS _cARTS _beng |
||
| 041 |
_2eng _aeng |
||
| 082 | _aO111,8K67x, L5 | ||
| 100 |
_aSwift Jonathan _910551 |
||
| 245 | 0 | _aTale of a Tub and other satires ed by Kathleen Williams | |
| 260 |
_aLondon _bDent _c1975 |
||
| 300 |
_axxx,279p. _ccm. |
||
| 650 | _aENGLISH LITERATURE | ||
| 942 |
_hO111,8K67x, L5 _cTEXL _2CC |
||
| 999 |
_c169055 _d169055 |
||